000 01592cam a2200361 a 4500
999 _c531768
_d531768
001 16526315
003 NUST
005 20191025123736.0
008 101101s2010 caua b 001 0 eng
010 _a 2010484395
020 _a1848601336
020 _a9781848601338
020 _a9781848601321 (hbk.)
020 _a1848601328 (hbk.)
038 _aMSOHAIL
040 _aDLC
_cDLC
_dDLC
042 _apcc
050 0 0 _aHD30.4
_b.W55 2010
082 0 0 _a650.072
_223
100 1 _aWilson, Jonathan
_q(Jonathan Stuart)
_924812
245 1 0 _aEssentials of business research :
_ba guide to doing your research project /
_cJonathan Wilson.
260 _aLos Angeles :
_bSage Publications,
_c2010.
300 _axix, 316 p. :
_bill. ;
_c24 cm.
504 _aIncludes bibliographical references and index.
505 0 _aDeveloping a research topic -- Conducting a literature review -- Addressing ethical issues -- Establishing a research design -- Primary data collection -- Using secondary data -- Sampling -- Analyzing quantitative data -- Analyzing qualitative data -- Writing up and presenting your research.
650 0 _aBusiness
_xResearch
_xMethodology.
_913718
650 0 _aDissertations, Academic.
_93658
856 4 2 _3Publisher description
_uhttp://www.loc.gov/catdir/enhancements/fy1105/2010484395-d.html
856 4 1 _3Table of contents only
_uhttp://www.loc.gov/catdir/enhancements/fy1105/2010484395-t.html
906 _a7
_bcbc
_corigres
_d2
_encip
_f20
_gy-gencatlg
942 _2ddc
_cBK